<?xml version="1.0" encoding="UTF-8"?>
<collection xmlns="http://www.loc.gov/MARC21/slim">
  <record>
    <leader>00000nam  2200000   4500</leader>
    <controlfield tag="001">INLIS000000000020541</controlfield>
    <controlfield tag="005">20250710023736</controlfield>
    <datafield tag="035" ind1="#" ind2="#">
      <subfield code="a">0010-0725000071</subfield>
    </datafield>
    <controlfield tag="007">ta</controlfield>
    <controlfield tag="008">250710################|##########|#|##</controlfield>
    <datafield tag="084" ind1="#" ind2="#">
      <subfield code="a">R 165 PKN II 2023</subfield>
    </datafield>
    <datafield tag="100" ind1=" " ind2="#">
      <subfield code="a">Nora Kartika Setyaningrum</subfield>
    </datafield>
    <datafield tag="245" ind1="1" ind2="#">
      <subfield code="a">Strategi Pengembangan Kompetensi Jabatan Fungsional Pengantar Kerja untuk Mendukung Kinerja Urusan Pemerintah Bidang Ketenagakerjaan /</subfield>
      <subfield code="c">Nora Kartika Setyaningrum</subfield>
    </datafield>
    <datafield tag="260" ind1="#" ind2="#">
      <subfield code="a">Jakarta :</subfield>
      <subfield code="b">Pusbangkom Pimnas dan Manajerial ASN,</subfield>
      <subfield code="c">2023</subfield>
    </datafield>
    <datafield tag="300" ind1="#" ind2="#">
      <subfield code="a">116 hlm. ;</subfield>
      <subfield code="c">30 cm</subfield>
    </datafield>
    <datafield tag="650" ind1="#" ind2="4">
      <subfield code="a">Pengembangan Kompetensi</subfield>
    </datafield>
    <datafield tag="520" ind1="#" ind2="#">
      <subfield code="a">Proper ini menggarisbawahi pengembangan kompetensi Pengantar Kerja guna memperkuat kinerja urusan pemerintah khususnya di bidang ketenagakerjaan. Tahapan jangka pendek telah sukses diselesaikan, termasuk pembentukan tim, pemetaan standar kompetensi, serta desain tools pemetaan dan learning curriculum.</subfield>
    </datafield>
    <datafield tag="990" ind1="#" ind2="#">
      <subfield code="a">2407165</subfield>
    </datafield>
  </record>
</collection>
